| 000 | 01194nam a2200241 a 4500 | ||
|---|---|---|---|
| 001 | BRCA_5683 | ||
| 005 | 20190320205159.0 | ||
| 008 | 260810s1840----fr-abc####---#000-0#fre-# | ||
| 041 | _afre | ||
| 044 | _afr | ||
| 050 | 4 |
_aAE25 _b.D53 1840 |
|
| 245 | 1 | 0 |
_aDictionnaire biographique _buniversel, historique _csuivant la methode de A. Lesage (comte de las-Cases) par une societe de professeurs et de gens de lettres. |
| 260 |
_aParís _bChez les editeurs _c1840 |
||
| 300 |
_a25 v. en 12 t. _bil., mapas, retratos _c14 cm. |
||
| 500 | _aDiccionario inventariado por Banco de México como libro | ||
| 500 | _aT1 | ||
| 505 | 0 | _a1.2. Tome premier A-AL.-- 3.4. Tome deuxième AN-BE.-- 5.6.7. Tome troisième BE-BR.-- 8.9. Tome quatrième CA-CR.-- 10.11. Tome cinquième CR- DU.-- 12.13. Tome sixième DU-FL.-- 14.15. Tome septième FL-GU.-- 16.17. Tome huitième GU-LA.-- 18.19. Tome neuvième LA-MA.-- 20.21. Tome dixième MA-PA.-- 22.23. Tome onzième PA-RI.-- 24.25. Tome dixième seconde RI-ZU | |
| 600 | 1 | 4 |
_aLesage, Emmanuel-Auguste _cConde de las Casas _d1766-1842 _914438 |
| 650 | 1 | 4 |
_aEnciclopedias y diccionarios _99441 |
| 650 | 1 | 4 |
_aBiografías _914439 |
| 902 | _aGFM | ||
| 942 |
_2lcc _cB |
||
| 999 |
_c5376 _d5376 |
||